| 000 | 00475nam a2200193Ia 4500 | ||
|---|---|---|---|
| 003 | OSt | ||
| 005 | 20250816102127.0 | ||
| 008 | 250729s1996 xx 000 0 und d | ||
| 040 | _cAL | ||
| 041 | _aeng | ||
| 082 | _a800 CHOW | ||
| 100 |
_aGnanam A _9221323 |
||
| 245 | _aQuality awaness in higher education | ||
| 260 |
_aNew Delhi _bAllied Publication _c1996 |
||
| 300 | _a153p | ||
| 650 |
_aLitrature _9221324 |
||
| 700 |
_aStella Anthony _9221325 |
||
| 942 |
_2ddc _cBED |
||
| 999 |
_c234956 _d234956 |
||